|
|
|
|
| LEADER |
00882nam a2200229 a 4500 |
| 001 |
6947966 |
| 008 |
101219s2008 enka 000 0 eng d |
| 999 |
|
|
|c 10277
|d 10277
|
| 020 |
|
|
|a 9781856695701 (hbk.)
|
| 020 |
|
|
|a 1856695700 (hbk.)
|
| 040 |
|
|
|a UKM
|c UKM
|d BTCTA
|d BAKER
|d YDXCP
|d TXA
|d BD-DhAAL
|
| 082 |
0 |
4 |
|a 747.797
|2 22
|
| 100 |
1 |
|
|a McLeod, Virginia.
|9 32108
|
| 245 |
1 |
0 |
|a Detail in contemporary kitchen design /
|c Virginia McLeod.
|
| 260 |
|
|
|a London :
|b Laurence King,
|c 2008.
|
| 300 |
|
|
|a 192 p. :
|b col. ill. ;
|c 26 cm.
|
| 526 |
|
|
|a ARC
|
| 541 |
1 |
|
|e 00021641
|
| 650 |
|
0 |
|a Kitchens
|x Design and construction.
|9 32109
|
| 852 |
4 |
|
|a Ayesha Abed library
|c General Shelf.
|
| 942 |
|
|
|2 ddc
|c BK
|
| 952 |
|
|
|0 0
|1 0
|2 ddc
|4 0
|6 747_797000000000000_MCL
|7 0
|9 13729
|a BRACUL
|b BRACUL
|c GEN
|d 2011-01-02
|e Zeenat Book Supply Ltd.
|g 3250.00
|l 6
|m 50
|o 747.797 MCL
|p 3010021641
|r 2025-07-20
|s 2025-06-23
|t 1
|w 2011-01-02
|y BK
|